| 000 | 00751nam a2200217 a 4500 | ||
|---|---|---|---|
| 005 | 20231201064155.0 | ||
| 008 | 030228s1999 ag r 000 0 spa d | ||
| 020 | _a9502309464 | ||
| 035 | _aUPN01000131386 | ||
| 049 | _aCG | ||
| 050 | 4 |
_aF1408.3 _bI5.3a |
|
| 245 | 0 | 4 |
_aLas industrias culturales en la integración latinoamericana / _ccoord. Néstor García Canclini. |
| 260 |
_aBuenos Aires : _bEUDEBA, _c1999. |
||
| 300 |
_a342 p. : _bcuadros, tablas, gráfs. |
||
| 440 | 0 | _aEstudios culturales | |
| 650 | 4 |
_aINTELECTUALES - _zAMERICA LATINA _95358 |
|
| 651 | 4 |
_aAMERICA LATINA - _xPOLITICA CULTURAL _93987 |
|
| 650 | 4 |
_aCultura popular _zAmérica Latina _912745 |
|
| 700 | 1 |
_aGarcía Canclini, Néstor, _d1939- _ecoord. _930963 |
|
| 905 | _aLibro | ||
| 999 |
_c103541 _d103541 |
||